[Event "New Zealand Championship 2023"]
[Site "Wellington"]
[Date "2023.01.08"]
[Round "7.11"]
[White "Liu, William Rui"]
[Black "Thomas, Ben"]
[Result "1-0"]
[WhiteElo "1908"]
[BlackElo "2200"]

1. e4 {[%clk 01:30:55] [%emt 00:00:04]} 1... d5 {[%clk 01:30:54] [%emt
00:00:06]} 2. exd5 {[%clk 01:31:18] [%emt 00:00:07]} 2... Qxd5 {[%clk 01:31:15]
[%emt 00:00:09]} 3. Nc3 {[%clk 01:31:39] [%emt 00:00:10]} 3... Qa5 {[%clk
01:31:41] [%emt 00:00:04]} 4. d4 {[%clk 01:31:58] [%emt 00:00:12]} 4... Nf6
{[%clk 01:31:40] [%emt 00:00:31]} 5. Nf3 {[%clk 01:32:03] [%emt 00:00:24]} 5...
Bf5 {[%clk 01:32:02] [%emt 00:00:08]} 6. Bc4 {[%clk 01:31:28] [%emt 00:01:06]}
6... e6 {[%clk 01:31:44] [%emt 00:00:47]} 7. O-O {[%clk 01:30:06] [%emt
00:01:52]} 7... c6 {[%clk 01:29:51] [%emt 00:02:23]} 8. Bd2 {[%clk 01:29:30]
[%emt 00:01:06]} 8... Qd8 {[%clk 01:26:48] [%emt 00:03:33]} 9. Bf4 {[%clk
01:26:30] [%emt 00:03:32]} 9... Be7 {[%clk 01:25:25] [%emt 00:02:08]} 10. Ne2
{[%clk 01:23:32] [%emt 00:03:10]} 10... Nbd7 {[%clk 01:24:49] [%emt 00:01:06]}
11. Ng3 {[%clk 01:23:32] [%emt 00:00:30]} 11... Bg4 {[%clk 01:24:34] [%emt
00:00:46]} 12. h3 {[%clk 01:23:01] [%emt 00:01:01]} 12... Bxf3 {[%clk 01:24:12]
[%emt 00:00:52]} 13. Qxf3 {[%clk 01:23:17] [%emt 00:00:13]} 13... Nb6 {[%clk
01:24:23] [%emt 00:00:19]} 14. Qd3 {[%clk 01:21:04] [%emt 00:02:43]} 14... Nxc4
{[%clk 01:23:01] [%emt 00:01:52]} 15. Qxc4 {[%clk 01:21:28] [%emt 00:00:06]}
15... Qd5 {[%clk 01:13:13] [%emt 00:10:19]} 16. Qxd5 {[%clk 01:18:20] [%emt
00:03:37]} 16... cxd5 {[%clk 01:12:38] [%emt 00:01:07]} 17. Rfe1 {[%clk
01:15:35] [%emt 00:03:15]} 17... Kd7 {[%clk 01:11:16] [%emt 00:01:51]} 18. a4
{[%clk 01:12:48] [%emt 00:03:18]} 18... Rhc8 {[%clk 01:09:42] [%emt 00:02:04]}
19. c3 {[%clk 01:12:01] [%emt 00:01:17]} 19... Ne8 {[%clk 01:05:45] [%emt
00:04:24]} 20. Nf1 {[%clk 01:07:02] [%emt 00:05:30]} 20... g5 {[%clk 00:59:43]
[%emt 00:06:33]} 21. Bg3 {[%clk 01:01:44] [%emt 00:05:48]} 21... f5 {[%clk
00:59:25] [%emt 00:00:48]} 22. Nd2 {[%clk 01:01:05] [%emt 00:01:09]} 22... f4
{[%clk 00:54:20] [%emt 00:05:34]} 23. Bh2 {[%clk 01:01:24] [%emt 00:00:10]}
23... Nd6 {[%clk 00:52:34] [%emt 00:02:17]} 24. Re2 {[%clk 00:57:11] [%emt
00:04:42]} 24... Nf7 {[%clk 00:45:01] [%emt 00:08:03]} 25. Rae1 {[%clk
00:53:21] [%emt 00:04:21]} 25... Rc6 {[%clk 00:45:19] [%emt 00:00:12]} 26. Nf3
{[%clk 00:49:23] [%emt 00:04:27]} 26... h5 {[%clk 00:45:07] [%emt 00:00:42]}
27. h4 {[%clk 00:37:56] [%emt 00:12:59]} 27... g4 {[%clk 00:44:12] [%emt
00:00:23]} 28. Ne5+ {[%clk 00:38:16] [%emt 00:00:11]} 28... Nxe5 {[%clk
00:44:37] [%emt 00:00:05]} 29. Rxe5 {[%clk 00:38:43] [%emt 00:00:03]} 29... Rh8
{[%clk 00:43:38] [%emt 00:01:28]} 30. R5e2 {[%clk 00:25:47] [%emt 00:13:25]}
30... Rf8 {[%clk 00:37:07] [%emt 00:07:02]} 31. Re5 {[%clk 00:21:38] [%emt
00:04:40]} 31... Bd6 {[%clk 00:27:09] [%emt 00:10:28]} 32. Rg5 {[%clk 00:20:58]
[%emt 00:01:09]} 32... Rf5 {[%clk 00:25:43] [%emt 00:01:56]} 33. Rg7+ {[%clk
00:17:11] [%emt 00:04:17]} 33... Be7 {[%clk 00:26:11] [%emt 00:00:02]} 34. Re5
{[%clk 00:16:22] [%emt 00:01:19]} 34... Rxe5 {[%clk 00:20:15] [%emt 00:06:26]}
35. dxe5 {[%clk 00:16:40] [%emt 00:00:13]} 35... Rc4 {[%clk 00:20:31] [%emt
00:00:14]} 36. b3 {[%clk 00:13:39] [%emt 00:03:31]} 36... Re4 {[%clk 00:19:35]
[%emt 00:01:26]} 37. f3 {[%clk 00:11:11] [%emt 00:02:58]} 37... gxf3 {[%clk
00:16:05] [%emt 00:03:59]} 38. gxf3 {[%clk 00:11:30] [%emt 00:00:11]} 38...
Re1+ {[%clk 00:16:25] [%emt 00:00:10]} 39. Kf2 {[%clk 00:11:41] [%emt
00:00:20]} 39... Rb1 {[%clk 00:16:45] [%emt 00:00:09]} 40. Bxf4 {[%clk
00:41:38] [%emt 00:00:34]} 40... Ke8 {[%clk 00:47:11] [%emt 00:00:05]} 41. Bg5
{[%clk 00:37:32] [%emt 00:04:35]} 41... Bc5+ {[%clk 00:45:45] [%emt 00:01:55]}
42. Ke2 {[%clk 00:36:50] [%emt 00:01:12]} 42... Rxb3 {[%clk 00:45:38] [%emt
00:00:37]} 43. Kd2 {[%clk 00:36:33] [%emt 00:00:47]} 43... a5 {[%clk 00:33:21]
[%emt 00:12:48]} 44. f4 {[%clk 00:31:18] [%emt 00:05:44]} 44... b5 {[%clk
00:26:37] [%emt 00:07:15]} 45. f5 {[%clk 00:25:45] [%emt 00:06:02]} 45... Bf8
{[%clk 00:25:19] [%emt 00:01:48]} 46. Ra7 {[%clk 00:24:24] [%emt 00:01:51]}
46... bxa4 {[%clk 00:24:55] [%emt 00:00:54]} 47. f6 {[%clk 00:15:39] [%emt
00:09:16]} 47... Rb2+ {[%clk 00:25:16] [%emt 00:00:09]} 48. Ke1 {[%clk
00:15:44] [%emt 00:00:25]} 48... Rb1+ {[%clk 00:25:32] [%emt 00:00:14]} 49. Ke2
{[%clk 00:15:56] [%emt 00:00:17]} 49... Rb2+ {[%clk 00:25:57] [%emt 00:00:05]}
50. Kf3 {[%clk 00:16:14] [%emt 00:00:12]} 50... Rf2+ {[%clk 00:26:18] [%emt
00:00:10]} 51. Kxf2 {[%clk 00:16:10] [%emt 00:00:34]} 51... Bc5+ {[%clk
00:26:41] [%emt 00:00:06]} 52. Be3 {[%clk 00:16:37] [%emt 00:00:03]} 52... Bxa7
{[%clk 00:26:49] [%emt 00:00:22]} 53. Bxa7 {[%clk 00:17:05] [%emt 00:00:03]}
53... a3 {[%clk 00:27:10] [%emt 00:00:08]} 54. Bd4 {[%clk 00:17:29] [%emt
00:00:05]} 1-0

[Event "New Zealand Championship 2023"]
[Site "Wellington"]
[Date "2023.01.08"]
[Round "7.12"]
[White "Ning, Isabelle Yixuan"]
[Black "Timergazi, Layla"]
[Result "1-0"]
[WhiteElo "2109"]
[BlackElo "2136"]

1. d4 {[%clk 01:30:57] [%emt 00:00:03]} 1... Nf6 {[%clk 01:30:43] [%emt
00:00:18]} 2. c4 {[%clk 01:31:22] [%emt 00:00:05]} 2... e6 {[%clk 01:30:58]
[%emt 00:00:15]} 3. Nc3 {[%clk 01:31:46] [%emt 00:00:06]} 3... Bb4 {[%clk
01:31:24] [%emt 00:00:04]} 4. Bd2 {[%clk 01:32:04] [%emt 00:00:11]} 4... b6
{[%clk 01:31:17] [%emt 00:00:36]} 5. e3 {[%clk 01:31:43] [%emt 00:00:51]} 5...
Bb7 {[%clk 01:31:31] [%emt 00:00:16]} 6. a3 {[%clk 01:30:32] [%emt 00:01:42]}
6... Bxc3 {[%clk 01:31:55] [%emt 00:00:05]} 7. Bxc3 {[%clk 01:30:53] [%emt
00:00:09]} 7... Ne4 {[%clk 01:32:22] [%emt 00:00:04]} 8. Nf3 {[%clk 01:25:58]
[%emt 00:05:25]} 8... d6 {[%clk 01:31:17] [%emt 00:01:35]} 9. Bd3 {[%clk
01:21:04] [%emt 00:05:23]} 9... Nd7 {[%emt 00:01:36]} 10. O-O {[%clk 01:18:56]
[%emt 00:02:37]} 10... O-O {[%clk 01:25:33] [%emt 00:05:09]} 11. Nd2 {[%clk
01:10:39] [%emt 00:08:47]} 11... f5 {[%clk 01:22:28] [%emt 00:03:35]} 12. f3
{[%clk 01:07:15] [%emt 00:03:55]} 12... Nxc3 {[%clk 01:18:59] [%emt 00:03:59]}
13. bxc3 {[%clk 01:07:36] [%emt 00:00:35]} 13... e5 {[%clk 01:18:18] [%emt
00:00:44]} 14. d5 {[%clk 00:57:20] [%emt 00:10:46]} 14... Qh4 {[%clk 01:11:13]
[%emt 00:07:35]} 15. Qe1 {[%clk 00:50:56] [%emt 00:06:54]} 15... Qh6 {[%clk
01:09:40] [%emt 00:02:03]} 16. f4 {[%clk 00:45:01] [%emt 00:06:26]} 16... Rae8
{[%clk 01:05:09] [%emt 00:05:01]} 17. fxe5 {[%clk 00:39:27] [%emt 00:06:04]}
17... Rxe5 {[%clk 00:59:52] [%emt 00:05:56]} 18. Rf3 {[%clk 00:37:25] [%emt
00:02:31]} 18... Nc5 {[%clk 00:57:56] [%emt 00:02:18]} 19. Bc2 {[%clk 00:36:14]
[%emt 00:01:40]} 19... Bc8 {[%clk 00:52:28] [%emt 00:06:00]} 20. Qf2 {[%clk
00:32:37] [%emt 00:04:06]} 20... Rfe8 {[%clk 00:44:23] [%emt 00:08:35]} 21. Re1
{[%clk 00:25:42] [%emt 00:07:24]} 21... g6 {[%clk 00:37:26] [%emt 00:07:27]}
22. Rh3 {[%clk 00:24:49] [%emt 00:01:23]} 22... Qg7 {[%clk 00:37:51] [%emt
00:00:05]} 23. Nf3 {[%clk 00:24:24] [%emt 00:00:55]} 23... R5e7 {[%clk
00:36:09] [%emt 00:02:11]} 24. Nd4 {[%clk 00:23:52] [%emt 00:01:02]} 24... Ba6
{[%clk 00:32:58] [%emt 00:03:42]} 25. Nxf5 {[%clk 00:22:43] [%emt 00:01:39]}
25... Qe5 {[%clk 00:29:42] [%emt 00:03:46]} 26. Nxe7+ {[%clk 00:22:10] [%emt
00:01:03]} 26... Rxe7 {[%clk 00:29:09] [%emt 00:01:03]} 27. Rf1 {[%clk
00:19:10] [%emt 00:03:29]} 27... Nd7 {[%clk 00:29:30] [%emt 00:00:10]} 28. Ba4
{[%clk 00:17:35] [%emt 00:02:05]} 28... Qg7 {[%clk 00:27:14] [%emt 00:02:46]}
29. Bxd7 {[%clk 00:16:24] [%emt 00:01:42]} 29... Rxd7 {[%clk 00:27:41] [%emt
00:00:06]} 30. Rf3 {[%clk 00:15:52] [%emt 00:00:59]} 30... h5 {[%clk 00:27:08]
[%emt 00:01:03]} 31. Rf8+ {[%clk 00:15:17] [%emt 00:01:05]} 31... Kh7 {[%clk
00:27:33] [%emt 00:00:05]} 32. Rf7 {[%clk 00:14:39] [%emt 00:01:08]} 32... Rxf7
{[%clk 00:27:53] [%emt 00:00:10]} 33. Qxf7 {[%clk 00:15:06] [%emt 00:00:03]}
33... Bxc4 {[%clk 00:28:08] [%emt 00:00:14]} 34. Rf4 {[%clk 00:10:11] [%emt
00:05:25]} 34... Bd3 {[%clk 00:28:23] [%emt 00:00:16]} 35. Qxg7+ {[%clk
00:09:47] [%emt 00:00:54]} 35... Kxg7 {[%clk 00:28:48] [%emt 00:00:05]} 36. Rd4
{[%clk 00:09:59] [%emt 00:00:17]} 36... Bb5 {[%clk 00:26:22] [%emt 00:02:58]}
37. Kf2 {[%clk 00:07:45] [%emt 00:02:43]} 37... Kf6 {[%clk 00:26:33] [%emt
00:00:18]} 38. Kf3 {[%clk 00:07:37] [%emt 00:00:38]} 38... Ke5 {[%clk 00:25:12]
[%emt 00:01:52]} 39. c4 {[%clk 00:06:59] [%emt 00:01:08]} 39... Bd7 {[%clk
00:24:35] [%emt 00:01:06]} 40. Rf4 {[%clk 00:35:04] [%emt 00:02:25]} 40... c6
{[%clk 00:53:20] [%emt 00:01:46]} 41. e4 {[%clk 00:33:00] [%emt 00:02:34]}
41... cxd5 {[%clk 00:47:13] [%emt 00:06:37]} 42. cxd5 {[%clk 00:32:53] [%emt
00:00:37]} 42... Kd4 {[%clk 00:44:07] [%emt 00:03:37]} 43. Rf6 {[%clk 00:31:35]
[%emt 00:01:46]} 43... Bg4+ {[%clk 00:44:33] [%emt 00:00:04]} 44. Kf4 {[%clk
00:31:48] [%emt 00:00:16]} 44... g5+ {[%clk 00:44:42] [%emt 00:00:22]} 45. Kxg5
{[%clk 00:32:08] [%emt 00:00:10]} 45... Kxe4 {[%clk 00:44:47] [%emt 00:00:25]}
46. Rxd6 {[%clk 00:32:22] [%emt 00:00:16]} 46... Ke5 {[%clk 00:44:54] [%emt
00:00:23]} 47. Rd8 {[%clk 00:32:30] [%emt 00:00:22] {[%clk 00:32:30]|> {[%emt
00:00:22]|> Kxd5 {[%emt 00:00:55]|> 1-0 } 1-0

[Event "New Zealand Championship 2023"]
[Site "Wellington"]
[Date "2023.01.08"]
[Round "7.13"]
[White "McDougall, Euan"]
[Black "Yu, Zachary"]
[Result "0-1"]
[WhiteElo "1995"]
[BlackElo "1885"]

1. d4 {[%clk 01:30:56] [%emt 00:00:03]} 1... Nf6 {[%clk 01:30:56] [%emt
00:00:05]} 2. c4 {[%clk 01:31:22] [%emt 00:00:04]} 2... e6 {[%clk 01:31:22]
[%emt 00:00:04]} 3. Nc3 {[%clk 01:31:48] [%emt 00:00:04]} 3... Bb4 {[%clk
01:31:47] [%emt 00:00:06]} 4. e3 {[%clk 01:32:13] [%emt 00:00:04]} 4... O-O
{[%clk 01:32:11] [%emt 00:00:07]} 5. Ne2 {[%clk 01:32:37] [%emt 00:00:06]} 5...
c6 {[%clk 01:32:30] [%emt 00:00:12]} 6. a3 {[%clk 01:32:20] [%emt 00:00:46]}
6... Ba5 {[%clk 01:32:54] [%emt 00:00:06]} 7. b4 {[%clk 01:32:10] [%emt
00:00:41]} 7... Bc7 {[%clk 01:33:19] [%emt 00:00:04]} 8. Bb2 {[%clk 01:32:30]
[%emt 00:00:09]} 8... d5 {[%clk 01:33:14] [%emt 00:00:36]} 9. Ng3 {[%clk
01:31:54] [%emt 00:01:05]} 9... Nbd7 {[%clk 01:27:37] [%emt 00:06:07]} 10. f4
{[%clk 01:29:10] [%emt 00:03:15]} 10... a5 {[%clk 01:18:01] [%emt 00:10:07]}
11. c5 {[%clk 01:22:53] [%emt 00:06:49]} 11... b6 {[%clk 01:10:02] [%emt
00:08:28]} 12. Bd3 {[%clk 01:22:26] [%emt 00:00:59]} 12... Ba6 {[%clk 01:04:07]
[%emt 00:06:21]} 13. O-O {[%clk 01:22:24] [%emt 00:00:56]} 13... bxc5 {[%clk
00:54:10] [%emt 00:10:04]} 14. bxc5 {[%clk 01:21:31] [%emt 00:01:24]} 14... Qb8
{[%clk 00:52:19] [%emt 00:02:20]} 15. Bxa6 {[%clk 01:20:10] [%emt 00:01:50]}
15... Rxa6 {[%clk 00:51:50] [%emt 00:00:59]} 16. Rb1 {[%clk 01:20:21] [%emt
00:00:19]} 16... Qa8 {[%clk 00:52:00] [%emt 00:00:21]} 17. Qd3 {[%clk 01:14:11]
[%emt 00:06:39]} 17... Ra7 {[%clk 00:48:16] [%emt 00:04:14]} 18. Ba1 {[%clk
01:11:42] [%emt 00:02:59]} 18... Rb8 {[%clk 00:45:20] [%emt 00:03:27]} 19.
Rxb8+ {[%clk 01:11:19] [%emt 00:00:54]} 19... Qxb8 {[%clk 00:45:45] [%emt
00:00:04]} 20. Rb1 {[%clk 01:11:41] [%emt 00:00:08]} 20... Rb7 {[%clk 00:45:59]
[%emt 00:00:15]} 21. Rxb7 {[%clk 01:12:03] [%emt 00:00:07]} 21... Qxb7 {[%clk
00:46:26] [%emt 00:00:04]} 22. Qb1 {[%clk 01:12:26] [%emt 00:00:07]} 22... Qa6
{[%clk 00:46:44] [%emt 00:00:13]} 23. Nce2 {[%clk 01:09:58] [%emt 00:02:57]}
23... Ne4 {[%clk 00:43:44] [%emt 00:03:30]} 24. Bc3 {[%clk 01:07:53] [%emt
00:02:34]} 24... Ndf6 {[%clk 00:38:01] [%emt 00:06:15]} 25. h3 {[%clk 01:06:25]
[%emt 00:01:57]} 25... h5 {[%clk 00:36:57] [%emt 00:01:34]} 26. Qd1 {[%clk
01:03:36] [%emt 00:03:17]} 26... Qc4 {[%clk 00:32:44] [%emt 00:04:44]} 27. Be1
{[%clk 01:01:20] [%emt 00:02:46]} 27... a4 {[%clk 00:30:17] [%emt 00:02:58]}
28. Bb4 {[%clk 00:48:20] [%emt 00:13:29]} 28... h4 {[%clk 00:10:07] [%emt
00:20:39]} 29. Nf1 {[%clk 00:46:53] [%emt 00:01:56]} 29... Nh5 {[%clk 00:09:58]
[%emt 00:00:40]} 30. Be1 {[%clk 00:39:13] [%emt 00:08:10]} 30... Bd8 {[%clk
00:10:14] [%emt 00:00:15]} 31. Nc1 {[%clk 00:34:07] [%emt 00:05:35]} 31... Nhg3
{[%clk 00:10:03] [%emt 00:00:41]} 32. Nd3 {[%clk 00:33:51] [%emt 00:00:45]}
32... Nc3 {[%clk 00:07:19] [%emt 00:03:15]} 33. Bxc3 {[%clk 00:28:03] [%emt
00:06:18]} 33... Qxc3 {[%clk 00:07:42] [%emt 00:00:07]} 34. Kh2 {[%clk
00:26:36] [%emt 00:01:57]} 34... Nxf1+ {[%clk 00:05:43] [%emt 00:02:30]} 35.
Qxf1 {[%clk 00:27:01] [%emt 00:00:04]} 35... Qxa3 {[%clk 00:04:43] [%emt
00:01:30]} 36. Ne5 {[%clk 00:26:51] [%emt 00:00:40]} 36... Qxe3 {[%clk
00:04:53] [%emt 00:00:20]} 37. Nxc6 {[%clk 00:23:37] [%emt 00:03:44]} 37... Bc7
{[%clk 00:05:08] [%emt 00:00:15]} 38. Ne5 {[%clk 00:22:05] [%emt 00:02:03]}
38... Qxd4 {[%clk 00:04:34] [%emt 00:01:05]} 39. Kh1 {[%clk 00:21:27] [%emt
00:01:07]} 39... Bxe5 {[%clk 00:04:29] [%emt 00:00:35]} 40. fxe5 {[%clk
00:51:55] [%emt 00:00:01]} 40... Qxc5 {[%clk 00:34:44] [%emt 00:00:15]} 41. Qf4
{[%clk 00:52:04] [%emt 00:00:22]} 41... Qc4 {[%clk 00:35:01] [%emt 00:00:13]}
42. Qg5 {[%clk 00:52:23] [%emt 00:00:11]} 42... a3 {[%clk 00:34:31] [%emt
00:01:00]} 43. Qd8+ {[%clk 00:52:35] [%emt 00:00:17]} 43... Kh7 {[%clk
00:34:56] [%emt 00:00:05]} 44. Qe7 {[%clk 00:53:01] [%emt 00:00:04]} 44... a2
{[%clk 00:34:52] [%emt 00:00:34]} 45. Qxf7 {[%clk 00:52:54] [%emt 00:00:37]}
45... a1=Q+ {[%clk 00:35:12] [%emt 00:00:10]} 46. Kh2 {[%clk 00:53:19] [%emt
00:00:05]} 46... Qxe5+ {[%clk 00:35:36] [%emt 00:00:20]} 0-1

[Event "New Zealand Championship 2023"]
[Site "Wellington"]
[Date "2023.01.08"]
[Round "7.14"]
[White "Masters, Andrew D"]
[Black "Archer, Ollie"]
[Result "0-1"]
[WhiteElo "1946"]
[BlackElo "2151"]

1. d4 {[%clk 01:30:57] [%emt 00:00:02]} 1... d5 {[%clk 01:30:54] [%emt
00:00:06]} 2. c4 {[%clk 01:31:22] [%emt 00:00:05]} 2... e6 {[%clk 01:31:20]
[%emt 00:00:04]} 3. Nc3 {[%clk 01:31:42] [%emt 00:00:10]} 3... Nf6 {[%clk
01:31:43] [%emt 00:00:06]} 4. cxd5 {[%clk 01:32:05] [%emt 00:00:08]} 4... exd5
{[%clk 01:32:09] [%emt 00:00:05]} 5. Bg5 {[%clk 01:32:17] [%emt 00:00:18]} 5...
c6 {[%clk 01:32:33] [%emt 00:00:06]} 6. Qc2 {[%clk 01:32:20] [%emt 00:00:26]}
6... Bd6 {[%clk 01:32:56] [%emt 00:00:08]} 7. e3 {[%clk 01:31:47] [%emt
00:01:03]} 7... O-O {[%clk 01:33:17] [%emt 00:00:09]} 8. Bd3 {[%clk 01:31:05]
[%emt 00:01:13]} 8... h6 {[%clk 01:33:40] [%emt 00:00:07]} 9. Bh4 {[%clk
01:28:42] [%emt 00:02:52]} 9... Re8 {[%clk 01:34:00] [%emt 00:00:11]} 10. Nge2
{[%clk 01:27:05] [%emt 00:02:07]} 10... a5 {[%clk 01:34:19] [%emt 00:00:11]}
11. O-O {[%clk 01:20:21] [%emt 00:07:10]} 11... Bxh2+ {[%clk 01:34:46] [%emt
00:00:07]} 12. Kh1 {[%clk 01:19:52] [%emt 00:01:00]} 12... Bd6 {[%clk 01:34:45]
[%emt 00:00:39]} 13. e4 {[%clk 01:05:01] [%emt 00:15:13]} 13... dxe4 {[%clk
01:34:59] [%emt 00:00:16]} 14. Nxe4 {[%clk 01:04:31] [%emt 00:00:58]} 14... Be7
{[%clk 01:35:26] [%emt 00:00:04]} 15. Bg3 {[%clk 00:52:18] [%emt 00:12:43]}
15... Nxe4 {[%clk 01:33:32] [%emt 00:02:25]} 16. Bxe4 {[%clk 00:52:12] [%emt
00:00:35]} 16... Bd6 {[%clk 01:33:07] [%emt 00:00:56]} 17. Rae1 {[%clk
00:48:29] [%emt 00:04:12]} 17... Be6 {[%clk 01:29:36] [%emt 00:04:01]} 18. a3
{[%clk 00:43:51] [%emt 00:05:09]} 18... Bxg3 {[%clk 01:28:28] [%emt 00:01:37]}
19. Nxg3 {[%clk 00:43:58] [%emt 00:00:23]} 19... Qh4+ {[%clk 01:28:20] [%emt
00:00:38]} 20. Kg1 {[%clk 00:43:56] [%emt 00:00:32]} 20... Nd7 {[%clk 01:28:33]
[%emt 00:00:17]} 21. Nf5 {[%clk 00:36:48] [%emt 00:07:37]} 21... Bxf5 {[%clk
01:28:45] [%emt 00:00:20]} 22. Bxf5 {[%clk 00:37:06] [%emt 00:00:11]} 22... Nf6
{[%clk 01:29:11] [%emt 00:00:05]} 23. Qd3 {[%clk 00:31:32] [%emt 00:06:03]}
23... Nd5 {[%clk 01:18:04] [%emt 00:11:43]} 24. g3 {[%clk 00:29:13] [%emt
00:02:51]} 24... Qh5 {[%clk 01:18:06] [%emt 00:00:20]} 25. f4 {[%clk 00:25:13]
[%emt 00:04:29]} 25... Nf6 {[%clk 01:12:45] [%emt 00:05:51]} 26. Re5 {[%clk
00:12:12] [%emt 00:13:31]} 26... Rxe5 {[%clk 01:12:39] [%emt 00:00:36]} 27.
fxe5 {[%clk 00:06:16] [%emt 00:06:24]} 27... Nd5 {[%clk 01:09:17] [%emt
00:03:54]} 28. e6 {[%clk 00:04:45] [%emt 00:02:01]} 28... fxe6 {[%clk 01:04:49]
[%emt 00:04:59]} 29. Bxe6+ {[%clk 00:05:08] [%emt 00:00:07]} 29... Kh8 {[%clk
01:05:11] [%emt 00:00:08]} 30. Rf5 {[%clk 00:05:05] [%emt 00:00:32]} 30... Qe8
{[%clk 01:05:32] [%emt 00:00:10]} 31. Re5 {[%clk 00:04:56] [%emt 00:00:38]}
31... Nc7 {[%clk 01:01:28] [%emt 00:04:36]} 32. Bg4 {[%clk 00:04:26] [%emt
00:00:57]} 32... Qd8 {[%clk 01:01:16] [%emt 00:00:44]} 33. Kg2 {[%clk 00:04:07]
[%emt 00:00:48]} 33... Qd6 {[%clk 01:00:59] [%emt 00:00:48]} 34. Bd1 {[%clk
00:03:35] [%emt 00:01:01]} 34... Ne6 {[%clk 00:54:43] [%emt 00:06:47]} 35. Bc2
{[%clk 00:02:51] [%emt 00:01:14]} 35... Nf8 {[%clk 00:55:07] [%emt 00:00:05]}
36. Qe4 {[%clk 00:02:06] [%emt 00:01:15]} 36... Rd8 {[%clk 00:53:09] [%emt
00:02:28]} 37. Rf5 {[%clk 00:01:57] [%emt 00:00:37]} 37... Nh7 {[%clk 00:53:11]
[%emt 00:00:30]} 0-1

[Event "New Zealand Championship 2023"]
[Site "Wellington"]
[Date "2023.01.08"]
[Round "7.15"]
[White "Xing, Zerui"]
[Black "Mao, Daqi"]
[Result "1-0"]
[WhiteElo "1596"]
[BlackElo "2085"]

1. d4 d5 2. c4 e6 3. Nc3 Nf6 4. Bg5 Bb4 5. e3 h6 6. Bxf6 Qxf6 7. Rc1 O-O 8.
cxd5 exd5 9. Bd3 c6 10. Ne2 Bd6 11. Qd2 Bf5 12. Bxf5 Qxf5 13. O-O Nd7 14. Ng3
Bxg3 15. fxg3 Qe6 16. Rce1 Nf6 17. Rf4 Rfe8 18. Re2 b5 19. Qe1 g5 20. Rf3 Ne4
21. Nxe4 dxe4 22. Rf1 f6 23. Ref2 Rf8 24. Qc3 Kg7 25. Qc5 Rf7 26. Rc2 Qxa2 27.
Qxc6 Qb3 28. Qxe4 Rd8 29. Rc6 Qxb2 30. Rcxf6 1-0

[Event "New Zealand Championship 2023"]
[Site "Wellington"]
[Date "2023.01.08"]
[Round "7.16"]
[White "Cummings, Nick"]
[Black "Young, Cohen"]
[Result "1-0"]
[WhiteElo "2153"]
[BlackElo "1994"]

1. d4 Nf6 2. c4 e6 3. g3 d5 4. Nf3 dxc4 5. Bg2 Be7 6. O-O O-O 7. Qc2 a6 8. Qxc4
b5 9. Qc2 Bb7 10. Bd2 Nbd7 11. Ba5 Rc8 12. Rd1 Qe8 13. b4 Bd6 14. Nbd2 Qe7 15.
Rab1 Ba8 16. e4 e5 17. dxe5 Nxe5 18. Nxe5 Bxe5 19. Re1 Nd7 20. Nf3 Bd6 21. Nd4
c5 22. Nf5 Qf6 23. Rbd1 cxb4 24. Qxc8 Rxc8 25. Rxd6 Qc3 26. Red1 Nf8 27. Ne7+
Kh8 28. Nxc8 Qxc8 29. Rd8 1-0

[Event "New Zealand Championship 2023"]
[Site "Wellington"]
[Date "2023.01.08"]
[Round "7.17"]
[White "Van der Hoorn, Thomas"]
[Black "Metge, J Nigel"]
[Result "0-1"]
[WhiteElo "2068"]
[BlackElo "2146"]

1. e4 c6 2. d4 d5 3. Nc3 dxe4 4. Nxe4 Nf6 5. Nxf6+ gxf6 6. c3 Bf5 7. Bd3 Bg6 8.
h4 Rg8 9. Bxg6 Rxg6 10. Qf3 e6 11. h5 Rg8 12. Bf4 Bd6 13. Ne2 f5 14. O-O-O
Bxf4+ 15. Nxf4 Qg5 16. Kb1 Nd7 17. g3 O-O-O 18. Nd3 Qg4 19. Qe3 Kb8 20. c4 Qe4
21. Qxe4 fxe4 22. Nf4 Nf6 23. Rhe1 Rd7 24. Kc2 Rgd8 25. Ne2 Nxh5 26. g4 Nf6 27.
g5 Ng4 28. Nc3 Rxd4 29. Rxd4 Rxd4 30. Rxe4 Rxe4 31. Nxe4 h5 32. gxh6 Nxh6 33.
Kd3 Kc7 34. Kd4 b6 35. Ke5 Ng4+ 36. Kf4 f5 37. f3 Nh6 38. Nc3 Nf7 39. b3 Kd6
40. a3 Kc5 41. Ne2 a5 42. Nc3 Kd4 43. Na4 b5 44. Nb6 Nd6 45. cxb5 cxb5 46. Nd7
Nf7 47. Kg3 e5 48. Kf2 Kc3 49. Nc5 Kd2 50. Kg2 Nd6 51. Kg3 e4 52. fxe4 Nxe4+
0-1

[Event "New Zealand Championship 2023"]
[Site "Wellington"]
[Date "2023.01.08"]
[Round "7.18"]
[White "Zhang, Kendrick Botong"]
[Black "Ha, Timothy Huy Minh"]
[Result "1-0"]
[WhiteElo "2071"]
[BlackElo "1812"]

1. e4 c6 2. d4 d5 3. e5 c5 4. dxc5 e6 5. Be3 Nc6 6. Nf3 Nge7 7. c3 Nf5 8. Bd4
Be7 9. Bd3 O-O 10. O-O f6 11. Bxf5 exf5 12. exf6 Bxf6 13. Bxf6 Qxf6 14. Qxd5+
Be6 15. Qd2 h6 16. Na3 Rad8 17. Qc2 Bd5 18. Nd2 Qg5 19. f3 Qe3+ 20. Rf2 Qxc5
21. Nb3 Qe3 22. Nb5 Bxb3 23. axb3 a6 24. Na3 Rd7 25. Kh1 Rfd8 26. Re2 Qg5 27.
Nc4 Rd3 28. Re8+ Kh7 29. Rxd8 Qxd8 30. Re1 b5 31. Ne3 g6 32. Nf1 Rd7 33. Qe2
Re7 34. Qd2 Rd7 35. Qf4 Ne7 36. Qe5 Ng8 37. Qc5 Nf6 38. Ne3 Re7 39. Rd1 Qe8 40.
Nc2 h5 41. h3 Kh6 42. Qb6 Re6 43. Qd4 Qe7 44. Qf4+ Kh7 45. Nd4 Re1+ 46. Rxe1
Qxe1+ 47. Kh2 Qe7 48. Nc6 Qd7 49. Nb8 Qe6 50. Qc7+ Kh6 51. c4 h4 52. c5 Nh5 53.
Qd6 Qe1 54. Nd7 f4 55. Qe5 Qc1 56. Nf6 Ng3 57. Ng4+ Kh7 58. Qe7+ 1-0